Statystyki dla Quiz o Białorusi

Kliknij tutaj aby rozwiązać quiz!

Ogólne statystyki

  • Ten quiz został rozwiązany 24 razy
    (12 od ostatniego zresetowania)
  • Średni wynik to 12 z 16

Statystyki odpowiedzi

WskazówkaOdpowiedź% Poprawnych
Rok powstania1991
100%
JęzykBiałoruski
100%
Państwa granicząceLitwa
100%
Państwa granicząceŁotwa
100%
StolicaMińsk
100%
Państwa graniczącePolska
100%
Państwa granicząceRosja
100%
JęzykRosyjski
100%
Państwa granicząceUkraina
100%
WalutaRubel
91%
Religia dominującąPrawosławie
82%
Podział administracyjnyObwód
64%
Oficjalna nazwaRepublika Białorusi
45%
Podział administracyjnyRejon
9%
Podział administracyjnySiły Powietrzne
0%
Podział sił zbrojnychWojska lądowe
0%

Rozkład punktacji

Percentyl według liczby udzielonych odpowiedzi

Procent ludzi z każdym wynikiem

Twoja historia wyników

Nie rozwiązałeś tego quizu od ostatniego zresetowania